000 00321nam a2200133Ia 4500
008 240624s9999 xx 000 0 und d
041 _aeng
082 _a174.4 ZAD
100 _aZADEK SIMON
245 _aCIVIL CORPORATION
260 _c2007
_aLondon
_bEarthscan
300 _axiv, : 288 : p. : cm. ; 23
365 _cBPS
_b25
999 _c9127
_d9127